banner koha

Uso da técnica de RPE para avaliação da dose de radiação gama em polpas de pêssego, carambola e caju (Registro n. 216918)

MARC details
000 -LÍDER
campo de controle de tamanho fixo 01086nas a2200373 4500
001 - NÚMERO DE CONTROLE
campo de controle BR2012000623
003 - IDENTIFICADOR DO NÚMERO DE CONTROLE
campo de controle BR-BrBNA
005 - DATA E HORÁRIO DA ÚLTIMA TRANSAÇÃO
campo de controle 20231205120051.0
007 - CAMPO FIXO DE DESCRIÇÃO FÍSICA--INFORMAÇÃO GERAL
campo de controle de tamanho fixo ta
008 - CAMPO DE DADOS FIXOS--INFORMAÇÃO GERAL
campo de controle de tamanho fixo 230509b bl.|||p| |||| 00| 00por d
040 ## - FONTE DA CATALOGAÇÃO
Instituição da catalogação original BR-BrBNA
Idioma da catalogação por
Instituição que transcreveu o registro Biblioteca Nacional de Agricultura
041 ## - CÓDIGO DE IDIOMA
Código do idioma do texto/trilha sonora ou título diferente (Pt)
072 ## - CÓDIGO DE CATEGORIA DE ASSUNTO
Código de Categoria de Assunto Q03
100 1# - ENTRADA PRINCIPAL--NOME PESSOAL
Nome pessoal Souza, M.C.L.
100 1# - ENTRADA PRINCIPAL--NOME PESSOAL
Nome pessoal Jesus, E.F.O. de
100 1# - ENTRADA PRINCIPAL--NOME PESSOAL
Nome pessoal Lopes, R.T.
100 1# - ENTRADA PRINCIPAL--NOME PESSOAL
Nome pessoal Seabra, S.H.
100 1# - ENTRADA PRINCIPAL--NOME PESSOAL
Nome pessoal Miranda, Z.B.
100 1# - ENTRADA PRINCIPAL--NOME PESSOAL
Nome pessoal Assis, J.T. de
245 1# - TÍTULO
Título Uso da técnica de RPE para avaliação da dose de radiação gama em polpas de pêssego, carambola e caju
650 ## - ASSUNTO--TERMO TÓPICO
Cabeçalho tópico ou nome geográfico PÊSSEGO
650 ## - ASSUNTO--TERMO TÓPICO
Cabeçalho tópico ou nome geográfico PRUNUS PERSICA
650 ## - ASSUNTO--TERMO TÓPICO
Cabeçalho tópico ou nome geográfico CARAMBOLA
650 ## - ASSUNTO--TERMO TÓPICO
Cabeçalho tópico ou nome geográfico AVERRHOA CARAMBOLA
650 ## - ASSUNTO--TERMO TÓPICO
Cabeçalho tópico ou nome geográfico CAJU
650 ## - ASSUNTO--TERMO TÓPICO
Cabeçalho tópico ou nome geográfico ANNACARDIUM OCCIDENTALE
650 ## - ASSUNTO--TERMO TÓPICO
Cabeçalho tópico ou nome geográfico POLPA
650 ## - ASSUNTO--TERMO TÓPICO
Cabeçalho tópico ou nome geográfico RADIAÇÃO
650 ## - ASSUNTO--TERMO TÓPICO
Cabeçalho tópico ou nome geográfico ANÁLISE MICROBIANA
650 ## - ASSUNTO--TERMO TÓPICO
Cabeçalho tópico ou nome geográfico LARVA
773 0# - ENTRADA ANALÍTICA
Título Higiêne Alimentar (Brazil)
ISSN - International Standard Serial Number ISSN 0101-9171
Partes relacionadas (Jul-Aug 2011), v. 25(198-199) p. 166-169
Número de controle do registro BR2012000623
909 ## -
-- 202311
-- Lúcia
-- 55
-- Lúcia Elande
942 ## - ELEMENTOS DE ENTRADA ADICIONADOS (KOHA)
Fonte da classificação ou esquema de arquivamento na estante Classificação AGRIS
Ocultar no OPAC Não
Tipo de material Koha Analítica
Exemplares
Situação do descarte Fonte da classificação ou esquema de arquivamento na estante Situação física Não pode ser emprestado Biblioteca de origem Biblioteca atual Localização na estante Enumeração do periódico / cronologia Total de empréstimos Data de último acesso Número do exemplar Tipo de material Koha Fonte de aquisição
  Classificação AGRIS   Consulta local Biblioteca Nacional de Agricultura - Binagri Biblioteca Nacional de Agricultura - Binagri   (Jul-Aug 2011), v. 25(198-199) p. 166-169   29/11/2023 01 Periódicos Portaria Interministerial nº 164/94

BINAGRI

Telefone: (61)3218-2567/2388/3357/2097 - binagri@agro.gov.br

Ministério da Agricultura e Pecuária , Esplanada dos Ministérios, Bloco D, Anexo B, Brasília/DF, CEP: 70.043-900